| 000 | 00360nam a22001337a 4500 | ||
|---|---|---|---|
| 020 | _a9788126542345 | ||
| 082 |
_a664 _bCHR/HI |
||
| 245 | _aHigh Pressure Processing of Foods | ||
| 260 |
_aNew Delhi _bBlackwell Publishing _c2013 |
||
| 700 |
_aDoona, Christopher.J _9286 |
||
| 700 |
_aFeeherry, Florence .E _9287 |
||
| 700 |
_aDunne, C. Patrick _9288 |
||
| 942 | _cBK | ||
| 999 |
_c14224 _d14224 |
||